Major World War II Battles With a Map - Statistics

General Stats
  • This quiz has been taken 63 times
    31 since last reset
  • The average score is 21 of 43
Answers on the Map
Answers color-coded by a green-red scale on the quiz's map according to % correct below.
 
Answer Stats
Answer % Correct
Berlin
88%
D-Day
88%
Hiroshima
88%
Moscow
88%
Nagasaki
88%
Stalingrad
88%
Britain
84%
Leningrad
84%
Pearl Harbor
84%
Sicily
84%
Midway
80%
Singapore
80%
Iwo Jima
76%
Manila
76%
Okinawa
72%
Warsaw Uprising
72%
Battle of the Bulge
68%
Crete
68%
Dunkirk
64%
Kiev
60%
El Alamein
52%
Kursk
48%
Rape of Nanjing
48%
Dresden
44%
Guadalcanal
44%
Coral Sea
36%
Monte Cassino
36%
Saipan
36%
Tobruk
36%
Leyte Gulf
32%
Guam
28%
Aachen
16%
Philippine Sea
16%
Tarawa
16%
Anzio
12%
Bismarck Sea
12%
Kasserine Pass
12%
River Platte
12%
Attu
8%
Samar
8%
Metz
4%
Hürtgen Forest
0%
Rzhev
0%
No matching quizzes found
Score Distribution
Percent of People with Each Score
Percentile by Number Answered
Your Score History
You have not taken this quiz since the last reset